Trouve les 30 joueurs de foot - Statistiques

Statistiques générales
  • Ce quiz a été pris 798 fois
  • Le résultat moyen est 27 sur 30
Statistiques - réponses
Par images Réponse % Correct
Mbappé
100%
Messi
100%
Ronaldo
100%
Neymar
99%
Benzema
98%
Giroud
98%
Modric
95%
Griezmann
94%
Haaland
94%
Kane
94%
Kanté
94%
Lloris
94%
Pogba
94%
Varane
94%
Salah
93%
Courtois
92%
De Bruyne
91%
Hakimi
91%
Verratti
90%
Coman
89%
Lewandowski
89%
Muller
88%
Mané
87%
Neuer
87%
Son
87%
Kroos
85%
Foden
83%
Mahrez
83%
Van Dijk
82%
Vinicius Jr
70%
Aucun quiz correspondant
Distribution des résultats
% des personnes avec chaque résultat
Percentile par nombre de réponses
Votre historique - résultats
Vous n’avez pas pris ce quiz